000
00214nam a22000857a 4500
008
161112b xxu||||| |||| 00| 0 eng d
100
_9
1169
_a
Misra.M.
245
_a
CCE Social Science-VI
260
_a
New Delhi
_b
Frank
_c
2012
999
_c
3844
_d
3844